| 000 -LEADER |
| fixed length control field |
02771cam a22005177i 4500 |
| 001 - CONTROL NUMBER |
| control field |
22319164 |
| 003 - CONTROL NUMBER IDENTIFIER |
| control field |
NUST |
| 005 - DATE AND TIME OF LATEST TRANSACTION |
| control field |
20240725103337.0 |
| 008 - FIXED-LENGTH DATA ELEMENTS--GENERAL INFORMATION |
| fixed length control field |
211122t20202020sz ac b 000 0 eng d |
| 010 ## - LIBRARY OF CONGRESS CONTROL NUMBER |
| LC control number |
2021286852 |
| 020 ## - INTERNATIONAL STANDARD BOOK NUMBER |
| International Standard Book Number |
9783956795763 |
| Qualifying information |
(paperback) |
| 020 ## - INTERNATIONAL STANDARD BOOK NUMBER |
| International Standard Book Number |
3956795768 |
| Qualifying information |
(paperback) |
| 024 3# - OTHER STANDARD IDENTIFIER |
| Standard number or code |
9783956795763 |
| 035 ## - SYSTEM CONTROL NUMBER |
| System control number |
(OCoLC)on1197944121 |
| 038 ## - RECORD CONTENT LICENSOR |
| Staff Name |
Malang Jan |
| 040 ## - CATALOGING SOURCE |
| Original cataloging agency |
OHX |
| Language of cataloging |
eng |
| Description conventions |
rda |
| Transcribing agency |
OHX |
| Modifying agency |
JPG |
| -- |
OCLCF |
| -- |
STF |
| -- |
DLC |
| 042 ## - AUTHENTICATION CODE |
| Authentication code |
lccopycat |
| 043 ## - GEOGRAPHIC AREA CODE |
| Geographic area code |
e-sz--- |
| 050 00 - LIBRARY OF CONGRESS CALL NUMBER |
| Classification number |
N332.S93 |
| Item number |
Z873 2020 |
| 072 #7 - SUBJECT CATEGORY CODE |
| Subject category code |
N |
| Source |
lcco |
| 082 00 - DEWEY DECIMAL CLASSIFICATION NUMBER |
| Classification number |
700.411 |
| Edition number |
23/eng/20220912 |
| Author Mark |
ART |
| 245 00 - TITLE STATEMENT |
| Title |
Art & energy : |
| Remainder of title |
MA Fine Arts ZHDK graduates 2019 / |
| Statement of responsibility, etc. |
[edited by Donatella Bernardi]. |
| 246 3# - VARYING FORM OF TITLE |
| Title proper/short title |
Art and energy |
| 246 30 - VARYING FORM OF TITLE |
| Title proper/short title |
MA Fine Arts ZHDK graduates 2019 |
| 264 #1 - PRODUCTION, PUBLICATION, DISTRIBUTION, MANUFACTURE, AND COPYRIGHT NOTICE |
| Place of production, publication, distribution, manufacture |
[Zurich] : |
| Name of producer, publisher, distributor, manufacturer |
Zürcher Hochschule der Künste ; |
| Place of production, publication, distribution, manufacture |
Berlin : |
| Name of producer, publisher, distributor, manufacturer |
Sternberg Press, |
| Date of production, publication, distribution, manufacture, or copyright notice |
[2020] |
| 264 #4 - PRODUCTION, PUBLICATION, DISTRIBUTION, MANUFACTURE, AND COPYRIGHT NOTICE |
| Date of production, publication, distribution, manufacture, or copyright notice |
©2020 |
| 300 ## - PHYSICAL DESCRIPTION |
| Extent |
320 pages : |
| Other physical details |
illustrations (chiefly color), portraits ; |
| Dimensions |
23 cm |
| 336 ## - CONTENT TYPE |
| Content type term |
still image |
| Content type code |
sti |
| Source |
rdacontent |
| 336 ## - CONTENT TYPE |
| Content type term |
text |
| Content type code |
txt |
| Source |
rdacontent |
| 337 ## - MEDIA TYPE |
| Media type term |
unmediated |
| Media type code |
n |
| Source |
rdamedia |
| 338 ## - CARRIER TYPE |
| Carrier type term |
volume |
| Carrier type code |
nc |
| Source |
rdacarrier |
| 504 ## - BIBLIOGRAPHY, ETC. NOTE |
| Bibliography, etc. note |
Includes bibliographical references. |
| 505 00 - FORMATTED CONTENTS NOTE |
| Miscellaneous information |
Introduction -- |
| Title |
Courage to Love / |
| Statement of responsibility |
Donatella Bernardi -- |
| Title |
The Other Toni -- |
| -- |
Between the Writing and the Written : A Thesis / |
| Statement of responsibility |
Yamu Wang -- |
| Title |
Internationalization -- |
| -- |
The Mayor of Palermo, the Planetary Garden, and Gibellina / |
| Statement of responsibility |
Donatella Bernardi and Ilona Stutz -- |
| Title |
Notes on Magazzino Brancaccio / |
| Statement of responsibility |
Valentina Sansone -- |
| Title |
As the Context Changes, You Must Also Change / |
| Statement of responsibility |
Gracida Carnevale in conversation with Mathieu Copeland -- |
| Title |
Showcase -- |
| -- |
Failure Soldiers / |
| Statement of responsibility |
Elise Lammer -- |
| Title |
A : Glossary / |
| Statement of responsibility |
Mathieu Copeland -- |
| Title |
ZHdK MA Fine Arts Exhibition, 2019 -- |
| -- |
ZHdK MA Fine Arts Glossary -- |
| -- |
Discursive -- |
| -- |
Tectonic Shifts and Metabolic Rifts / |
| Statement of responsibility |
Daniel Schwartz -- |
| Title |
Materiality -- |
| -- |
Overprint Is the Matter / |
| Statement of responsibility |
Nadia Graf, Esther Schena, and Denise Schwab -- |
| Title |
Feeling Molecularized? / |
| Statement of responsibility |
Johanna Bruckner and Yvonne Wilhelm -- |
| Miscellaneous information |
Epilogue -- |
| Title |
Blessings / |
| Statement of responsibility |
Tabita Rezaire -- |
| Miscellaneous information |
Visual Index. |
| 610 20 - SUBJECT ADDED ENTRY--CORPORATE NAME |
| Corporate name or jurisdiction name as entry element |
Zürcher Hochschule der Künste. |
| 9 (RLIN) |
121893 |
| 610 27 - SUBJECT ADDED ENTRY--CORPORATE NAME |
| Corporate name or jurisdiction name as entry element |
Zürcher Hochschule der Künste. |
| Source of heading or term |
fast |
| Authority record control number or standard number |
(OCoLC)fst01918498 |
| 9 (RLIN) |
121893 |
| 648 #7 - SUBJECT ADDED ENTRY--CHRONOLOGICAL TERM |
| Chronological term |
2000-2099 |
| Source of heading or term |
fast |
| 9 (RLIN) |
19929 |
| 650 #0 - SUBJECT ADDED ENTRY--TOPICAL TERM |
| Topical term or geographic name entry element |
Art, Modern |
| Chronological subdivision |
21st century. |
| 9 (RLIN) |
33762 |
| 650 #0 - SUBJECT ADDED ENTRY--TOPICAL TERM |
| Topical term or geographic name entry element |
Art |
| Geographic subdivision |
Switzerland |
| -- |
Zurich. |
| 9 (RLIN) |
121894 |
| 650 #7 - SUBJECT ADDED ENTRY--TOPICAL TERM |
| Topical term or geographic name entry element |
Art. |
| Source of heading or term |
fast |
| Authority record control number or standard number |
(OCoLC)fst00815177 |
| 9 (RLIN) |
89468 |
| 650 #7 - SUBJECT ADDED ENTRY--TOPICAL TERM |
| Topical term or geographic name entry element |
Art, Modern. |
| Source of heading or term |
fast |
| Authority record control number or standard number |
(OCoLC)fst00816615 |
| 9 (RLIN) |
33098 |
| 651 #7 - SUBJECT ADDED ENTRY--GEOGRAPHIC NAME |
| Geographic name |
Switzerland |
| Geographic subdivision |
Zurich. |
| Source of heading or term |
fast |
| Authority record control number or standard number |
(OCoLC)fst01207630 |
| 9 (RLIN) |
121895 |
| 700 1# - ADDED ENTRY--PERSONAL NAME |
| Personal name |
Bernardi, Donatella, |
| Dates associated with a name |
1976- |
| Relator term |
editor. |
| 9 (RLIN) |
121896 |
| 906 ## - LOCAL DATA ELEMENT F, LDF (RLIN) |
| a |
7 |
| b |
cbc |
| c |
copycat |
| d |
2 |
| e |
ncip |
| f |
20 |
| g |
y-gencatlg |
| 942 ## - ADDED ENTRY ELEMENTS (KOHA) |
| Source of classification or shelving scheme |
|
| Koha item type |
Book |